000 00465nam a2200181 a 4500
001 1260
005 20140414131923.0
008 041206s19uu xx 00 eng d
020 _a0-630-0163-5
050 _aER
_bSn6 1979
245 _aSnow White and the seven dwarfs /.
260 _aNew York :
_bDeans,
_c1984.
300 _a1 v. p. : ill. ; cm.
440 _aA Dean Board Book.
650 _aFairy tales.
650 _aChildren stories.
999 _c111868
_d111868